[Event "Kusadasi TUR"]
[Site "?"]
[Date "2006.04.15"]
[Round "11"]
[White "Berg Emanuel"]
[Black "Guseinov Gadir"]
[Result "1-0"]
[WhiteElo "2540"]
[BlackElo "2607"]
[PlyCount "180"]
[EventDate "2006.??.??"]
[Source "www.chesslib.no"]
[SourceDate "2004.05.04"]

1. e4 c5 2. Nf3 g6 3. d4 cxd4 4. Nxd4 Bg7 5. Nc3 Nc6 6. Be3 Nf6 7. Bc4 O-O 8. Bb3 d6 9. f3 Bd7 10. Qd2 Nxd4 11. Bxd4 b5 12. h4 a5 13. h5 e5 14. hxg6 exd4 15. Bxf7+ Kh8 16. Qxd4 h6 17. O-O-O Be8 18. e5 Ng8 19. Qf4 Rc8 20. Rh5 Rc4 21. Ne4 Qc7 22. Qd2 dxe5 23. Bxc4 Qxc4 24. b3 Qe6 25. Qxa5 Nf6 26. Rd6 Qe7 27. Rxf6 Rxf6 28. Nxf6 Qxf6 29. Qa8 Qxg6 30. Rh1 Qe6 31. Rd1 Kh7 32. Rd8 Bc6 33. Qb8 e4 34. Qd6 Qxd6 35. Rxd6 exf3 36. gxf3 Bxf3 37. Rb6 h5 38. Kd2 Bh6+ 39. Ke1 Be3 40. Rxb5 Kg6 41. Re5 Bd4 42. Re8 Kg5 43. c3 Bxc3+ 44. Kf2 Bd5 45. Rd8 Be6 46. Rd6 Bf7 47. Rd7 Be6 48. Rd6 Bg4 49. Rd8 Kf5 50. Rf8+ Ke4 51. Re8+ Kd5 52. Rd8+ Ke5 53. Re8+ Kd6 54. Rd8+ Kc7 55. Rd5 Kc6 56. Rg5 Bd4+ 57. Kg3 Be2 58. a4 Kd6 59. b4 Be5+ 60. Kh3 Bf6 61. Rg6 Ke5 62. b5 Kf5 63. Rg8 Bf1+ 64. Kh2 h4 65. Rf8 Kg5 66. b6 Be5+ 67. Kg1 Ba6 68. Rg8+ Kf5 69. Kg2 Bf6 70. a5 Ke6 71. Kh2 Be5+ 72. Kh3 Bf6 73. Ra8 Bf1+ 74. Kh2 Be5+ 75. Kg1 Bb5 76. b7 h3 77. Rc8 h2+ 78. Kh1 Kd7 79. b8=Q Bc6+ 80. Rxc6 Bxb8 81. Rc4 Kd8 82. a6 Kd7 83. Kg2 Kd8 84. Kh1 Kd7 85. Kg2 Kd8 86. Rc1 Kd7 87. Rc2 Kd8 88. Rc3 Kd7 89. Rh3 Kc6 90. Rh7 Kd5 1-0

[Event "1st League TCh-SCG"]
[Site "Budva"]
[Date "2003.08.30"]
[Round "2"]
[White "Nataf, Igor Alexandre"]
[Black "Hracek, Zbynek"]
[Result "1/2-1/2"]
[WhiteElo "2549"]
[BlackElo "2584"]
[PlyCount "32"]
[EventDate "2003.08.29"]
[Source "Roberto Alvarez"]
[SourceDate "2003.10.27"]

1. e4 c5 2. Nf3 Nc6 3. d4 cxd4 4. Nxd4 g6 5. Nc3 Bg7 6. Be3 Nf6 7. Bc4 O-O 8. Bb3 d6 9. f3 Bd7 10. h4 Qa5 11. Qd2 Rfc8 12. g4 Ne5 13. h5 Rc4 14. Nce2 Qxd2+ 15. Kxd2 Rcc8 16. hxg6 hxg6 1/2-1/2

[Event "Hamburg GER"]
[Site "?"]
[Date "2006.06.09"]
[Round "7"]
[White "Landa Konstantin"]
[Black "Rogozenko Dorian"]
[Result "1/2-1/2"]
[WhiteElo "2600"]
[BlackElo "2532"]
[PlyCount "140"]
[EventDate "2006.??.??"]
[Source "www.chesslib.no"]
[SourceDate "2004.05.04"]

1. e4 c5 2. Nf3 Nc6 3. Nc3 g6 4. d4 cxd4 5. Nxd4 Bg7 6. Be3 Nf6 7. Bc4 O-O 8. Bb3 d6 9. f3 Bd7 10. Qd2 Nxd4 11. Bxd4 b5 12. a3 a5 13. a4 bxa4 14. Nxa4 Be6 15. Bxe6 fxe6 16. O-O Nd7 17. Bxg7 Kxg7 18. Ra3 e5 19. Rfa1 Qc7 20. Rc3 Qa7+ 21. Qf2 Rfb8 22. b3 Nf8 23. Qxa7 Rxa7 24. Kf2 Ne6 25. Ke3 Rbb7 26. Nb2 Nd4 27. Kd3 Kf7 28. Rc4 Rb5 29. Rc8 Ne6 30. Kd2 Nf4 31. Rg1 Rbb7 32. Rc4 Ne6 33. Nd3 Rc7 34. Nb2 Nd4 35. Ra1 Nc6 36. Nd3 Rab7 37. Raa4 Ke6 38. Rc3 Kd7 39. Rac4 g5 40. Nb2 Rc8 41. Nd1 Na7 42. Ne3 Rxc4 43. Rxc4 Nc6 44. Ra4 Rb5 45. Ra1 Rb8 46. h4 h5 47. hxg5 Rg8 48. Ke2 Rxg5 49. Kf2 Ke6 50. Kg1 Rg8 51. Kh2 Rc8 52. Kh3 Nd4 53. Rxa5 Nxc2 54. Nd5 Rg8 55. b4 Nd4 56. b5 Ne2 57. b6 Nf4+ 58. Nxf4+ exf4 59. Rxh5 Kd7 60. e5 d5 61. Rh4 Rg3+ 62. Kh2 Rg6 63. Rxf4 Rxb6 64. Ra4 Ke6 65. f4 Kf5 66. Kg3 Rc6 67. Rd4 e6 68. Ra4 Rc8 69. Rb4 Rc7 70. Ra4 Rc8 1/2-1/2

[Event "Campionato europeo 2007"]
[Site "Dresda GER"]
[Date "2007.04.11"]
[Round "8.43"]
[White "Nataf, Igor-Alexandre"]
[Black "Evdokimov, Alexander"]
[Result "1/2-1/2"]
[WhiteElo "2596"]
[BlackElo "2530"]
[PlyCount "264"]
[EventDate "2007.04.03"]
[Source "www.chesslib.no"]
[SourceDate "2004.05.04"]

1. e4 c5 2. Nf3 Nc6 3. d4 cxd4 4. Nxd4 g6 5. Nc3 Bg7 6. Be3 Nf6 7. Bc4 O-O 8. Bb3 d6 9. f3 Na5 10. Qd2 Bd7 11. h4 Qc7 12. Bh6 Nxb3 13. Nxb3 Bxh6 14. Qxh6 d5 15. exd5 Qg3+ 16. Kf1 Rfd8 17. Rd1 Nh5 18. Nd4 b5 19. Ne4 Qe5 20. Kf2 Be8 21. Ng5 Qg7 22. Qxg7+ Kxg7 23. Rhe1 h6 24. Ne4 Rac8 25. Rd2 Nf4 26. d6 exd6 27. a3 a6 28. g3 Nh5 29. Ne2 d5 30. Red1 Bc6 31. Nc5 a5 32. Nd4 Nf6 33. g4 Ba8 34. Ncb3 a4 35. Nc1 Rb8 36. Na2 Ne8 37. Nb4 Rb6 38. Re2 Nd6 39. Rde1 Kf8 40. c3 Nc4 41. Kg3 Bb7 42. Nd3 Nd6 43. Nf4 Re8 44. h5 g5 45. Nd3 Bc8 46. Nb4 Rxe2 47. Rxe2 Bb7 48. Nbc2 Nc4 49. Ne3 Nd6 50. Rd2 Ne8 51. Nef5 Bc8 52. Ne3 Nc7 53. f4 Rf6 54. Rf2 gxf4+ 55. Rxf4 Kg7 56. Nef5+ Kf8 57. Rf3 Bd7 58. Rf2 Na6 59. Ne3 Rd6 60. Ndf5 Bxf5 61. Nxf5 Rb6 62. Rd2 Nc7 63. Re2 Rf6 64. Kf4 Rc6 65. Rd2 Re6 66. Kf3 Kg8 67. Re2 Kh7 68. Re3 Na6 69. Nd4 Rf6+ 70. Nf5 Nc5 71. Re5 Nd3 72. Rxd5 Nxb2 73. Rxb5 Nc4 74. Rb4 Ne5+ 75. Kg3 Rc6 76. Rxa4 Rxc3+ 77. Kf2 Rc2+ 78. Kg3 Rc3+ 79. Kf2 Rc2+ 80. Ke3 Rc4 81. Rxc4 Nxc4+ 82. Kf3 Nxa3 83. Kf4 Nc2 84. Ke5 Ne1 85. Nd4 Kg7 86. Nf5+ Kh7 87. Ke4 Nc2 88. Kf4 Ne1 89. Nd4 Kg7 90. Nf5+ Kh7 91. Ke4 Nc2 92. Ke5 Ne1 93. Kf6 Nf3 94. Ne7 Nh2 95. Kf5 Nf3 96. Nc8 Kg7 97. Nd6 Ng5 98. Ke5 Nf3+ 99. Kf4 Ne1 100. Nf5+ Kh7 101. Ke5 Nf3+ 102. Kf6 Ng5 103. Ke7 Nf3 104. Kf8 Ne5 105. Ne3 Kh8 106. Ke8 Kh7 107. Ke7 Kg7 108. Kd6 Nf3 109. Nf5+ Kh7 110. Kd5 Ne1 111. Nh4 Kg7 112. Ke5 Nd3+ 113. Ke4 Nc5+ 114. Kd4 Ne6+ 115. Ke5 Ng5 116. Nf5+ Kh7 117. Kf6 Nf3 118. Ng3 Ng5 119. Nf1 Kg8 120. Nd2 Nh7+ 121. Ke7 Ng5 122. Nc4 Ne4 123. Ne5 Ng5 124. Nd7 Kg7 125. Nf6 Nf3 126. Ne8+ Kg8 127. Kf6 Ng5 128. Nd6 Nh7+ 129. Ke7 Ng5 130. Ke8 Kg7 131. Nf5+ Kh7 132. Kf8 Nf3 1/2-1/2

[Event "London rap"]
[Site "London ENG"]
[Date "1988.??.??"]
[Round "?"]
[White "Nunn, John D M"]
[Black "Mestel, Jonathan"]
[Result "1-0"]
[WhiteElo "2615"]
[BlackElo "2510"]
[PlyCount "55"]
[EventDate "1988.??.??"]
[Source "www.chesslib.no"]
[SourceDate "2004.05.04"]

1. e4 c5 2. Nf3 d6 3. d4 cxd4 4. Nxd4 Nf6 5. Nc3 g6 6. Be3 Bg7 7. f3 O-O 8. Qd2 Nc6 9. Bc4 Bd7 10. h4 Nxd4 11. Bxd4 b5 12. Bb3 a5 13. Nd5 e6 14. Bb6 Qb8 15. Bc7 Qa7 16. Ne7+ Kh8 17. Bxd6 a4 18. h5 gxh5 19. e5 Ne8 20. O-O-O Nxd6 21. Rxh5 Nf5 22. Nxf5 exf5 23. Rdh1 Kg8 24. Rxh7 Qb6 25. Qg5 Qg1+ 26. Rxg1 Kxh7 27. Rh1+ Kg8 28. Qh5 1-0

[Event "Hadera"]
[Site "?"]
[Date "1995.??.??"]
[Round "?"]
[White "Yudasin, L."]
[Black "Kogan, A."]
[Result "1-0"]
[WhiteElo "2630"]
[BlackElo "2495"]
[PlyCount "57"]
[EventDate "1995.??.??"]
[Source "ChessBase"]
[SourceDate "1995.10.01"]

1. e4 c5 2. Nf3 d6 3. d4 cxd4 4. Nxd4 Nf6 5. Nc3 g6 6. Be3 Bg7 7. f3 Nc6 8. Qd2 O-O 9. Bc4 Bd7 10. h4 Qb8 11. Nde2 Na5 12. Bb3 b5 13. Nd5 Nxd5 14. Bxd5 Nc4 15. Bxc4 bxc4 16. c3 f5 17. h5 fxe4 18. hxg6 exf3 19. Nf4 hxg6 20. Nxg6 Rf7 21. Qd5 e6 22. Qh5 Rf6 23. O-O-O Qb5 24. Qh7+ Kf7 25. Rh5 Rf5 26. Bd4 Rg8 27. Rxf5+ exf5 28. gxf3 f4 29. Re1 1-0

[Event "Open Aeroflot"]
[Site "Mosca RUS"]
[Date "2007.02.22"]
[Round "9"]
[White "Berg, E."]
[Black "Evdokimov, Alexa"]
[Result "1-0"]
[WhiteElo "2586"]
[BlackElo "2531"]
[PlyCount "84"]
[EventDate "2007.02.14"]
[Source "www.chesslib.no"]
[SourceDate "2004.05.04"]

1. e4 c5 2. Nf3 Nc6 3. d4 cxd4 4. Nxd4 g6 5. Nc3 Bg7 6. Be3 Nf6 7. Bc4 O-O 8. Bb3 d6 9. f3 Bd7 10. Qd2 Na5 11. O-O-O Rb8 12. Kb1 b5 13. Bh6 Bxh6 14. Qxh6 e5 15. Nde2 Nxb3 16. cxb3 b4 17. Na4 Qe7 18. Ng3 Be6 19. h4 Rfc8 20. h5 Rc7 21. Qg5 Ne8 22. Qd2 Rc6 23. Nf1 Nf6 24. hxg6 fxg6 25. Ne3 Qf7 26. Rc1 Rxc1+ 27. Rxc1 Ne8 28. Nc4 Qd7 29. Na5 Qb5 30. Nc6 Rb7 31. Nd8 Re7 32. Nxe6 Rxe6 33. Rc4 a5 34. Qe3 Re7 35. Nb6 Kg7 36. Nd5 Rf7 37. Qd3 h5 38. a4 Qb7 39. Ka2 Qa7 40. Rc8 Nc7 41. Rd8 Ne6 42. Rxd6 Nd4 1-0

[Event "Campionato europeo 2007"]
[Site "Dresda GER"]
[Date "2007.04.07"]
[Round "5.57"]
[White "Nijboer, Friso"]
[Black "Maze, Sebastien"]
[Result "1-0"]
[WhiteElo "2606"]
[BlackElo "2506"]
[PlyCount "95"]
[EventDate "2007.04.03"]
[Source "www.chesslib.no"]
[SourceDate "2004.05.04"]

1. e4 c5 2. Nf3 Nc6 3. Nc3 g6 4. d4 cxd4 5. Nxd4 Bg7 6. Be3 Nf6 7. Bc4 O-O 8. Bb3 d6 9. f3 Bd7 10. Qd2 Nxd4 11. Bxd4 b5 12. a4 b4 13. Nd5 Nxd5 14. Bxg7 Kxg7 15. exd5 Qa5 16. h4 h6 17. Qd4+ Kg8 18. Qe3 Kg7 19. Kf2 Qc5 20. Rae1 Qxe3+ 21. Rxe3 Rfe8 22. Rhe1 Kf8 23. a5 Rac8 24. Re4 Bf5 25. R4e2 Bd7 26. Rd1 Rc5 27. Re4 Rb8 28. Rdd4 Bf5 29. Rxb4 Rxb4 30. Rxb4 Bxc2 31. Bxc2 Rxc2+ 32. Ke3 Rxg2 33. a6 h5 34. f4 Rg3+ 35. Kf2 Rh3 36. Rb7 Rxh4 37. Kg3 Rg4+ 38. Kf3 Rg1 39. Rxa7 h4 40. Kf2 Ra1 41. b4 h3 42. Kf3 Ra3+ 43. Kf2 f6 44. b5 g5 45. fxg5 fxg5 46. b6 g4 47. b7 Ra2+ 48. Kg3 1-0

[Event "Olympus Riviera"]
[Site "?"]
[Date "2006.07.27"]
[Round "6"]
[White "Svetushkin Dmitry"]
[Black "Nikolaidis Ioannis"]
[Result "1-0"]
[WhiteElo "2569"]
[BlackElo "2538"]
[PlyCount "111"]
[EventDate "2006.??.??"]
[Source "www.chesslib.no"]
[SourceDate "2004.05.04"]

1. e4 c5 2. Nf3 d6 3. d4 Nf6 4. Nc3 cxd4 5. Nxd4 g6 6. Be3 Bg7 7. f3 Nc6 8. Qd2 O-O 9. Bc4 Bd7 10. Bb3 Na5 11. Bh6 Bxh6 12. Qxh6 e5 13. Nde2 Nxb3 14. axb3 b5 15. Qd2 b4 16. Na2 d5 17. exd5 a5 18. c4 bxc3 19. Naxc3 Rb8 20. Nc1 Bb5 21. Kf2 e4 22. fxe4 Qb6+ 23. Kf3 Nd7 24. Nxb5 f5 25. Nd4 fxe4+ 26. Ke2 Ne5 27. h3 Nd3 28. Nxd3 Qxd4 29. Nf4 Qxd2+ 30. Kxd2 Rxf4 31. Kc3 Rb5 32. Rhd1 Kf7 33. Ra4 Ke7 34. Rdd4 Kd6 35. Rxe4 Rxe4 36. Rxe4 Kxd5 37. Rd4+ Kc6 38. Rh4 Rg5 39. Rg4 Re5 40. b4 axb4+ 41. Kxb4 Re2 42. b3 Kb6 43. Kc4 Kc6 44. h4 Rd2 45. g3 Rg2 46. b4 Rg1 47. Rg5 Rd1 48. Rc5+ Kb6 49. Re5 Rc1+ 50. Kd5 Rc3 51. g4 Rb3 52. h5 gxh5 53. Rxh5 Rd3+ 54. Ke6 Re3+ 55. Kf6 Re4 56. g5 1-0

[Event "Dos Hermanas"]
[Site "?"]
[Date "2003.03.18"]
[Round "4"]
[White "Ziatdinov Raset"]
[Black "Williams Simon Kim"]
[Result "1-0"]
[WhiteElo "2439"]
[BlackElo "2666"]
[PlyCount "77"]
[EventDate "2003.??.??"]
[Source "www.chesslib.no"]
[SourceDate "2004.05.04"]

1. e4 c5 2. Nf3 d6 3. d4 Nf6 4. Nc3 cxd4 5. Nxd4 g6 6. Be3 Bg7 7. f3 Nc6 8. Bc4 Bd7 9. Qd2 O-O 10. h4 Ne5 11. Bb3 h5 12. O-O-O b5 13. Ndxb5 Qb8 14. Nd4 a5 15. a4 Rc8 16. Ncb5 Nc4 17. Bxc4 Rxc4 18. b3 Rb4 19. Bh6 Bh8 20. Qg5 Bxb5 21. Nxb5 Qc8 22. Rd3 Nd7 23. Qxe7 Nc5 24. Rxd6 Nxb3+ 25. Kd1 Na1 26. Nc7 Nxc2 27. Rd7 Rd4+ 28. Rxd4 Nxd4 29. Kd2 Rb8 30. Rd1 Qb7 31. Ke1 Qb2 32. Rd2 Qa1+ 33. Kf2 Nc6 34. Qg5 Bd4+ 35. Ke2 Qxa4 36. Qd5 Rd8 37. Qa2 Rd7 38. Qxa4 Rxc7 39. Rxd4 1-0

[Event "Yerevan (ol)"]
[Site "?"]
[Date "1996.??.??"]
[Round "?"]
[White "Barua, D."]
[Black "Spangenberg, Hugo"]
[Result "1-0"]
[WhiteElo "2550"]
[BlackElo "2555"]
[PlyCount "63"]
[EventDate "1996.??.??"]
[Source "ChessBase"]
[SourceDate "1996.06.01"]

1. e4 c5 2. Nf3 d6 3. d4 cxd4 4. Nxd4 Nf6 5. Nc3 g6 6. Be3 Bg7 7. f3 Nc6 8. Qd2 O-O 9. Bc4 Nd7 10. O-O-O Nb6 11. Bb3 Na5 12. Qd3 Nxb3+ 13. axb3 a5 14. Ndb5 Bd7 15. Nxd6 exd6 16. Qxd6 Ra6 17. Bxb6 Qg5+ 18. Kb1 Qxg2 19. Qg3 Qxg3 20. hxg3 Bg4 21. fxg4 Rxb6 22. Rd7 Re6 23. Re1 b6 24. Nd5 Be5 25. Re3 Kg7 26. c3 Kh6 27. Rf3 Kg5 28. Ne3 Bd6 29. Kc2 Rfe8 30. Kd3 f6 31. Rxh7 Rxe4 32. Rf5+ 1-0

[Event "RUS-ch 54th"]
[Site "Elista"]
[Date "2001.05.02"]
[Round "3"]
[White "Jakovenko, Dmitrij"]
[Black "Pigusov, Evgeny"]
[Result "1/2-1/2"]
[WhiteElo "2521"]
[BlackElo "2584"]
[PlyCount "67"]
[EventDate "2001.04.29"]
[Source "ChessBase"]
[SourceDate "2001.07.05"]

1. e4 c5 2. Nf3 Nc6 3. d4 cxd4 4. Nxd4 g6 5. Nc3 Bg7 6. Be3 Nf6 7. Bc4 O-O 8. Bb3 d6 9. f3 Bd7 10. Qd2 Nxd4 11. Bxd4 b5 12. O-O a5 13. a3 a4 14. Bd5 Rb8 15. Ne2 Nxd5 16. exd5 Bxd4+ 17. Qxd4 Qb6 18. Qxb6 Rxb6 19. c3 Bf5 20. Rfe1 Re8 21. Ng3 Bc2 22. Re3 Bb3 23. Rae1 Kf8 24. Ne4 Rbb8 25. Rd3 Rbc8 26. Nd2 Ba2 27. Ra1 Bc4 28. Nxc4 bxc4 29. Rd4 Rc5 30. Re1 Rb8 31. Re2 Ke8 32. Rde4 Rb7 33. Kf2 Rbc7 34. Rd2 1/2-1/2

[Event "4th IECC"]
[Site "Istanbul"]
[Date "2003.06.06"]
[Round "7"]
[White "Fedorov, Alexei"]
[Black "Vokarev, Sergey"]
[Result "1-0"]
[WhiteElo "2604"]
[BlackElo "2498"]
[PlyCount "69"]
[EventDate "2003.05.30"]
[Source "Roberto Alvarez"]
[SourceDate "2003.06.23"]

1. e4 c5 2. Nf3 Nc6 3. d4 cxd4 4. Nxd4 g6 5. Nc3 Bg7 6. Be3 Nf6 7. Bc4 O-O 8. Bb3 d6 9. f3 Bd7 10. Qd2 Nxd4 11. Bxd4 b5 12. O-O-O a5 13. e5 dxe5 14. Bxe5 Bc6 15. Qxd8 Rfxd8 16. a4 bxa4 17. Bxa4 Bxa4 18. Nxa4 Bh6+ 19. Kb1 Nd5 20. c4 Ne3 21. Rxd8+ Rxd8 22. c5 Nd5 23. Rd1 e6 24. Bc7 Rc8 25. Bxa5 Ra8 26. Rxd5 exd5 27. b4 d4 28. Kc2 Bf4 29. Kd3 Kf8 30. g3 Be5 31. f4 Bf6 32. c6 Bd8 33. Bxd8 Rxa4 34. c7 Ra8 35. b5 1-0

[Event "Montpellier op"]
[Site "Montpellier"]
[Date "1999.??.??"]
[Round "7"]
[White "Degraeve, Jean Marc"]
[Black "Magerramov, Elmar"]
[Result "1/2-1/2"]
[WhiteElo "2536"]
[BlackElo "2563"]
[PlyCount "48"]
[EventDate "1999.??.??"]
[Source "www.chesslib.no"]
[SourceDate "2004.05.04"]

1. e4 c5 2. Nc3 Nc6 3. Nf3 g6 4. d4 cxd4 5. Nxd4 Bg7 6. Be3 Nf6 7. Bc4 O-O 8. Bb3 d6 9. f3 Bd7 10. Qd2 Nxd4 11. Bxd4 b5 12. Nd5 Nxd5 13. Bxd5 Bxd4 14. Qxd4 Rc8 15. c3 a5 16. a3 Qc7 17. h4 Qc5 18. Qd2 Be6 19. Bxe6 fxe6 20. Rd1 Rc7 21. Qd4 b4 22. axb4 axb4 23. Qxc5 Rxc5 24. cxb4 Rc2 1/2-1/2

[Event "X Open"]
[Site "Dubai EAU"]
[Date "2008.04.12"]
[Round "6"]
[White "Ramesh, R."]
[Black "Guseinov, G."]
[Result "1/2-1/2"]
[WhiteElo "2472"]
[BlackElo "2625"]
[PlyCount "132"]
[EventDate "2008.04.07"]
[Source "www.chesslib.no"]
[SourceDate "2004.05.04"]

1. e4 c5 2. Nf3 Nc6 3. d4 cxd4 4. Nxd4 g6 5. Nc3 Bg7 6. Be3 Nf6 7. Bc4 O-O 8. Bb3 d6 9. f3 Bd7 10. Qd2 Nxd4 11. Bxd4 b5 12. a4 b4 13. Nd5 Nxd5 14. exd5 Bxd4 15. Qxd4 Qa5 16. O-O Rac8 17. Rfe1 Rfe8 18. Re4 Bf5 19. Qxb4 Qxb4 20. Rxb4 Bxc2 21. a5 Bxb3 22. Rxb3 Rb8 23. Raa3 Kg7 24. a6 Kf6 25. h3 h5 26. h4 Ke5 27. Re3+ Kxd5 28. Rac3 e5 29. Rc7 Ke6 30. Rxa7 Rxb2 31. Rc3 Ra2 32. Rcc7 f6 33. Rg7 Kf5 34. Rgd7 e4 35. fxe4+ Rxe4 36. Rxd6 Ree2 37. Rf7 Rxg2+ 38. Kh1 Kg4 39. Rfxf6 Kh3 40. Rf3+ Kxh4 41. Rf4+ Kh3 42. Rf3+ Kg4 43. Rb3 Rh2+ 44. Kg1 Rhg2+ 45. Kh1 Kh4 46. Rb4+ Rg4 47. Rxg4+ hxg4 48. Kg1 g5 49. Rd3 Rxa6 50. Rd2 g3 51. Kg2 Rf6 52. Rd8 Kg4 53. Ra8 Rf2+ 54. Kg1 Rb2 55. Ra7 Rb4 56. Kg2 Re4 57. Ra8 Re2+ 58. Kg1 Kf4 59. Rf8+ Kg4 60. Ra8 g2 61. Kh2 Rf2 62. Ra7 Kf3 63. Ra3+ Kg4 64. Ra7 Re2 65. Ra8 Kf4 66. Rf8+ Ke5 1/2-1/2

[Event "España-ch Puestos 5-12"]
[Site "Sevilla"]
[Date "2004.08.19"]
[Round "7.2"]
[White "De la Riva Aguado, Oscar"]
[Black "Cifuentes Parada, Roberto"]
[Result "1/2-1/2"]
[WhiteElo "2552"]
[BlackElo "2543"]
[PlyCount "35"]
[EventDate "2004.08.18"]
[Source "Roberto Alvarez"]
[SourceDate "2004.08.24"]

1. e4 c5 2. Nf3 Nc6 3. Nc3 g6 4. d4 cxd4 5. Nxd4 Bg7 6. Be3 Nf6 7. Bc4 O-O 8. Bb3 d6 9. f3 Bd7 10. Qd2 Nxd4 11. Bxd4 b5 12. O-O-O a5 13. e5 dxe5 14. Bxe5 Bc6 15. Qxd8 Rfxd8 16. a4 b4 17. Nb5 Nd7 18. Bxg7 1/2-1/2

[Event "Toronto op"]
[Site "Toronto"]
[Date "1997.??.??"]
[Round "4"]
[White "Ziatdinov, Raset"]
[Black "Kudrin, Sergey"]
[Result "1/2-1/2"]
[WhiteElo "2485"]
[BlackElo "2610"]
[PlyCount "38"]
[EventDate "1997.??.??"]
[Source "www.chesslib.no"]
[SourceDate "2004.05.04"]

1. e4 c5 2. Nf3 d6 3. d4 cxd4 4. Nxd4 Nf6 5. Nc3 g6 6. Be3 Bg7 7. Qd2 O-O 8. f3 Nc6 9. Bc4 Bd7 10. h4 h5 11. Nde2 Ne5 12. Bb3 b5 13. Bh6 a5 14. Bxg7 Kxg7 15. a4 b4 16. Nd5 Nxd5 17. exd5 Qb6 18. O-O-O Rac8 19. Nd4 Qc5 1/2-1/2

[Event "FRA Ch Top 16 GpB"]
[Site "?"]
[Date "2005.02.05"]
[Round "2"]
[White "Bologan Viktor"]
[Black "Moldovan Daniel"]
[Result "1-0"]
[WhiteElo "2683"]
[BlackElo "2411"]
[PlyCount "55"]
[EventDate "2005.??.??"]
[Source "www.chesslib.no"]
[SourceDate "2004.05.04"]

1. e4 c5 2. Nf3 Nc6 3. d4 cxd4 4. Nxd4 g6 5. Nc3 Bg7 6. Be3 Nf6 7. Bc4 O-O 8. Bb3 d6 9. f3 Bd7 10. Qd2 Nxd4 11. Bxd4 b5 12. h4 a5 13. h5 a4 14. Bd5 e5 15. h6 Bh8 16. Bxa8 exd4 17. Nd5 Re8 18. Nxf6+ Qxf6 19. Bd5 d3 20. Rb1 dxc2 21. Qxc2 Qg5 22. Qd2 Qg3+ 23. Kf1 Rc8 24. Rc1 Rxc1+ 25. Qxc1 Bd4 26. Qd2 Bc5 27. Qe1 Qf4 28. Rh4 1-0

[Event "It (Open) Dos Hermanas ESP"]
[Site "?"]
[Date "2006.03.24"]
[Round "1"]
[White "Savchenko Boris"]
[Black "Mamedov Rauf"]
[Result "1-0"]
[WhiteElo "2569"]
[BlackElo "2525"]
[PlyCount "97"]
[EventDate "2006.??.??"]
[Source "www.chesslib.no"]
[SourceDate "2004.05.04"]

1. e4 c5 2. Nf3 d6 3. d4 cxd4 4. Nxd4 Nf6 5. Nc3 g6 6. Bc4 Bg7 7. Be3 Nc6 8. f3 O-O 9. Qd2 Nd7 10. O-O-O Nb6 11. Be2 d5 12. h4 dxe4 13. Nxc6 Qxd2+ 14. Rxd2 bxc6 15. fxe4 Be6 16. a3 Rab8 17. Bf4 Rb7 18. Nd1 Na4 19. b3 Nc5 20. Bf3 Nd7 21. Nb2 Ne5 22. Be2 Nd7 23. Na4 Be5 24. Bxe5 Nxe5 25. Nc5 Rbb8 26. Nxe6 fxe6 27. Bd1 Kg7 28. Re1 h5 29. c3 c5 30. Kc2 Rf6 31. Re3 Rbf8 32. Be2 Rf2 33. Bb5 Rxd2+ 34. Kxd2 Rf4 35. g3 Rf2+ 36. Be2 Rh2 37. Ke1 Rh1+ 38. Bf1 Ng4 39. Rf3 Ne5 40. Re3 Ng4 41. Re2 Rg1 42. Rg2 Rh1 43. b4 cxb4 44. axb4 Kf6 45. c4 Ke5 46. c5 Nf6 47. c6 Ne8 48. Rd2 Rg1 49. Kf2 1-0

[Event "11 Open Aosta"]
[Site "Saint Vincent"]
[Date "2003.02.14"]
[Round "7"]
[White "Bauer, Christian"]
[Black "Chatalbashev, Boris"]
[Result "1/2-1/2"]
[WhiteElo "2579"]
[BlackElo "2515"]
[PlyCount "47"]
[EventDate "2003.02.08"]
[Source "Roberto Alvarez"]
[SourceDate "2003.02.17"]

1. e4 c5 2. Nf3 g6 3. d4 cxd4 4. Nxd4 Bg7 5. Nc3 Nc6 6. Be3 Nf6 7. Bc4 O-O 8. Bb3 d6 9. f3 Bd7 10. Qd2 Nxd4 11. Bxd4 b5 12. h4 a5 13. a4 bxa4 14. Nxa4 Be6 15. Nb6 Ra6 16. Nd5 Bxd5 17. exd5 Qc7 18. Kf2 a4 19. Ra3 Rfa8 20. Rha1 Ra5 21. Bc3 R5a7 22. Bd4 Ra5 23. Bc3 R5a7 24. Bd4 1/2-1/2

[Event "LXXV Camp. brasiliano"]
[Site "Porto Alegre BRA"]
[Date "2008.12.09"]
[Round "3"]
[White "Fier, A."]
[Black "Mekhitarian, K."]
[Result "1-0"]
[WhiteElo "2581"]
[BlackElo "2511"]
[PlyCount "205"]
[EventDate "2008.12.07"]
[Source "www.chesslib.no"]
[SourceDate "2004.05.04"]

1. e4 c5 2. Nf3 Nc6 3. Nc3 g6 4. d4 cxd4 5. Nxd4 Bg7 6. Be3 Nf6 7. Bc4 O-O 8. Bb3 d6 9. f3 Bd7 10. Qd2 Na5 11. h4 Qc7 12. O-O-O Nc4 13. Bxc4 Qxc4 14. h5 Rfc8 15. hxg6 fxg6 16. Kb1 b5 17. Nde2 b4 18. Nd5 Nxd5 19. Qxd5+ Be6 20. Qxc4 Bxc4 21. Nf4 Rc7 22. Nd5 Bxd5 23. Rxd5 Rac8 24. Rc1 a6 25. Ra5 Rc6 26. a3 Rb8 27. axb4 Rxb4 28. Ra2 h5 29. Bd2 Rd4 30. Rd1 d5 31. c3 Rd3 32. exd5 Rxd5 33. Kc2 Rcd6 34. Raa1 Kf7 35. Be3 Rxd1 36. Rxd1 Rxd1 37. Kxd1 Ke6 38. Ke2 Kf5 39. b4 g5 40. c4 g4 41. fxg4+ Kxg4 42. Bf2 Kf4 43. b5 axb5 44. cxb5 Ke5 45. Bc5 Ke6 46. Kd3 Kd7 47. Ke4 e6 48. Bd4 Bf8 49. Kf4 Bh6+ 50. Ke4 Kd6 51. Bf2 Bg7 52. Ba7 Bh6 53. Kd4 Bg7+ 54. Kc4 Bh6 55. Bb8+ Kd7 56. Be5 Be3 57. Bd4 Bf4 58. Bf6 Kd6 59. Kd4 Bh2 60. Bg7 Bg1+ 61. Kc4 Bf2 62. Bd4 Bg3 63. Ba7 Bh4 64. Bb8+ Kd7 65. Bf4 Bf2 66. Kd3 Bc5 67. Be3 Bf8 68. Kd4 Bd6 69. Ke4 Bf8 70. Bf2 Kd6 71. Bg1 Bg7 72. Kf4 Bh6+ 73. Ke4 Bg7 74. Bd4 Bf8 75. Bb2 Kc7 76. Kd3 Bc5 77. Kc4 Bf2 78. Kb4 Be3 79. Be5+ Kb6 80. Kc4 Bh6 81. Bd6 Bg7 82. Be7 Bh6 83. Bd8+ Kb7 84. Ba5 Be3 85. Kd3 Bg5 86. Ke4 Bf6 87. Kf4 Ka7 88. Bc7 Kb7 89. Be5 Be7 90. Bd4 Kc7 91. Ke5 Kd7 92. b6 Bh4 93. Be3 Be1 94. Kf6 h4 95. Bf4 Bc3+ 96. Kg5 Kc6 97. Bc7 Ba5 98. Kxh4 Bxb6 99. Bxb6 Kxb6 100. g4 Kc5 101. g5 Kd6 102. Kh5 Ke7 103. Kh6 1-0

[Event "Marlboro, MA"]
[Site "?"]
[Date "2002.05.27"]
[Round "5"]
[White "Ivanov Alexander"]
[Black "Kelleher William"]
[Result "1-0"]
[WhiteElo "2666"]
[BlackElo "2419"]
[PlyCount "49"]
[EventDate "2002.??.??"]
[Source "www.chesslib.no"]
[SourceDate "2004.05.04"]

1. e4 c5 2. Nc3 Nc6 3. Nf3 g6 4. d4 cxd4 5. Nxd4 Bg7 6. Be3 Nf6 7. Bc4 O-O 8. Bb3 d6 9. f3 Bd7 10. Qd2 Nxd4 11. Bxd4 b5 12. h4 a5 13. h5 a4 14. Bxf6 exf6 15. Bd5 b4 16. Ne2 Rc8 17. hxg6 hxg6 18. g4 Qc7 19. Nd4 a3 20. O-O-O axb2+ 21. Kb1 Rfe8 22. Bb3 Qa5 23. Nf5 gxf5 24. gxf5 d5 25. Rdg1 1-0

[Event "Mind Sports Games - Blitz Ind"]
[Site "Pechino CINA"]
[Date "2008.10.04"]
[Round "4"]
[White "Kravtsiv, M."]
[Black "Leon Hoyos, M."]
[Result "1-0"]
[WhiteElo "2549"]
[BlackElo "2535"]
[PlyCount "55"]
[EventDate "2008.10.04"]
[Source "www.chesslib.no"]
[SourceDate "2004.05.04"]

1. e4 c5 2. Nf3 g6 3. d4 Bg7 4. Nc3 cxd4 5. Nxd4 Nc6 6. Be3 Nf6 7. Bc4 O-O 8. Bb3 d6 9. f3 Bd7 10. Qd2 Nxd4 11. Bxd4 b5 12. O-O a5 13. a4 b4 14. Nd5 Nxd5 15. exd5 Rc8 16. Rfe1 Bf5 17. Re2 Re8 18. Rae1 Rc7 19. Bxg7 Kxg7 20. Qd4+ Kg8 21. Qb6 Qc8 22. g4 Bd7 23. Rxe7 Rd8 24. Qxd6 Rb7 25. Qf4 Be8 26. Rxb7 Qxb7 27. d6 Kg7 28. Re7 1-0